Online
Catalog

La inserción de la República Dominicana a la economía internacional : (Record no. 14394)

MARC details
000 -CABECERA
campo de control de longitud fija 02361nam a2200337 a 4500
001 - NÚMERO DE CONTROL
campo de control 000014813
005 - FECHA Y HORA DE LA ÚLTIMA TRANSACCIÓN
campo de control 20250211102200.0
008 - DATOS DE LONGITUD FIJA--INFORMACIÓN GENERAL
campo de control de longitud fija 100122s2007 dr ad 001 0 spa d
020 ## - NÚMERO INTERNACIONAL ESTÁNDAR DEL LIBRO
Número Internacional Estándar del Libro 9789945130485
040 ## - FUENTE DE LA CATALOGACIÓN
Centro catalogador/agencia de origen DO-SdBNP
Lengua de catalogación spa
Centro/agencia transcriptor BNPHU
082 ## - NÚMERO DE LA CLASIFICACIÓN DECIMAL DEWEY
Número de clasificación 337.7293
Número de documento/Ítem I73i
100 1# - ENTRADA PRINCIPAL--NOMBRE DE PERSONA
Nombre de persona Isa Contreras, Pavel
Fechas asociadas al nombre 1968-
9 (RLIN) 38198
245 13 - MENCIÓN DE TÍTULO
Título La inserción de la República Dominicana a la economía internacional :
Resto del título reseña histórica y perspectiva analítica /
Mención de responsabilidad, etc. Pável Isa Contreras ; colaboración Miguel Ceara Hatton, Hecmilio Galván ; prólogo José Luis Alemán.
260 ## - PUBLICACIÓN, DISTRIBUCIÓN, ETC.
Lugar de publicación, distribución, etc. Santo Domingo :
Nombre del editor, distribuidor, etc. CIECA,
Fecha de publicación, distribución, etc. 2007.
300 ## - DESCRIPCIÓN FÍSICA
Extensión 113 p. :
Otras características físicas il., gráfcs. ;
Dimensiones 24 cm.
500 ## - NOTA GENERAL
Nota general Incluye datos biográficos del autor en la solapa de la cubierta
500 ## - NOTA GENERAL
Nota general Incluye referencias bibliográficas y notas al pie de las páginas
504 ## - NOTA DE BIBLIOGRAFÍA, ETC.
Nota de bibliografía, etc. Bibliografía: p. 111-113
505 0# - NOTA DE CONTENIDO CON FORMATO
Información miscelánea Prólogo /
Mención de responsabilidad José Luis Alemán --
Título Introducción --
-- De "La Era Dorada" a la globalización neoliberal: cambios en el contexto internacional durante la segunda mitad del Siglo XX --
-- Tendencias a largo plazo del crecimiento económico en la República Dominicana --
-- La inserción de la economía dominicana a la economía mundial hasta la Era de Trujillo --
-- Cambios en la inserción internacional en el marco de la industrialización por Sustitución de Importaciones (ISI) --
-- Crisis, reestructuración productiva y reinserción en los ochenta --
-- La nueva inserción internacional de la economía dominicana en los noventa --
-- Negociaciones internacionales: nueva modalidad de la política comercial --
-- Agotamiento de zonas francas y turismo: ¿crisis o reinvención? --
-- Del multilateralismo al bilateralismo y al DR-CAFTA --
-- Síntesis y conclusiones --
Información miscelánea Bibliografía.
590 ## - NOTA LOCAL (RLIN)
Nota local Inventariado, 2018/LP
650 #0 - PUNTO DE ACCESO ADICIONAL DE MATERIA--TÉRMINO DE MATERIA
Término de materia o nombre geográfico como elemento de entrada Relaciones económicas internacionales
9 (RLIN) 1067
650 #0 - PUNTO DE ACCESO ADICIONAL DE MATERIA--TÉRMINO DE MATERIA
Término de materia o nombre geográfico como elemento de entrada Finanzas internacionales
9 (RLIN) 7882
650 #4 - PUNTO DE ACCESO ADICIONAL DE MATERIA--TÉRMINO DE MATERIA
Término de materia o nombre geográfico como elemento de entrada Caribe (región)
Subdivisión general Política económica
9 (RLIN) 33564
651 #4 - PUNTO DE ACCESO ADICIONAL DE MATERIA--NOMBRE GEOGRÁFICO
Nombre geográfico República Dominicana
Subdivisión general Política Comercial
9 (RLIN) 2986
651 #4 - PUNTO DE ACCESO ADICIONAL DE MATERIA--NOMBRE GEOGRÁFICO
Nombre geográfico República Dominicana
Subdivisión general Condiciones Económicas
9 (RLIN) 281
700 1# - PUNTO DE ACCESO ADICIONAL--NOMBRE DE PERSONA
Nombre de persona Ceara-Hatton, Miguel
Término indicativo de función/relación col.
9 (RLIN) 1685
700 1# - PUNTO DE ACCESO ADICIONAL--NOMBRE DE PERSONA
Nombre de persona Galván, Hecmilio,
Término indicativo de función/relación col.
9 (RLIN) 33565
700 1# - PUNTO DE ACCESO ADICIONAL--NOMBRE DE PERSONA
Nombre de persona Alemán, José Luis,
Término indicativo de función/relación pról.
9 (RLIN) 7046
710 2# - PUNTO DE ACCESO ADICIONAL--NOMBRE DE ENTIDAD CORPORATIVA
Nombre de entidad corporativa o nombre de jurisdicción como elemento de entrada Centro de Investigación Económica para el Caribe
9 (RLIN) 33566
910 ## - DATOS DE OPCIÓN DEL USUARIO (OCLC)
Datos de opción del usuario Validado. Control de calidad EMS
Holdings
Estado de retiro Estado de pérdida Restricciones de uso No para préstamo Código de colección Localización permanente Ubicación/localización actual Ubicación en estantería Fecha de adquisición Número de inventario Total de préstamos Signatura topográfica completa Código de barras Fecha visto por última vez Número de copia Precio válido a partir de Tipo de ítem Koha
        Dominicana de Servicio General General Depósito 22.01.2010 LF1   337.7293 I73i 14813-30 25.06.2020 e. 3 25.06.2020 Libro y Folleto Colección Dominicana de Servicio
        Dominicana de Servicio General General Depósito 22.01.2010 LF1   337.7293 I73i 14813-40 25.06.2020 e. 4 25.06.2020 Libro y Folleto Colección Dominicana de Servicio
        Dominicana de Servicio General General Depósito 08.06.2018 LF1   337.7293 I73i 14813-60 25.06.2020 e. 5 25.06.2020 Libro y Folleto Colección Dominicana de Servicio
      Excluido de préstamo Patrimonio Dominicano Patrimonio Dominicano Patrimonio Dominicano Depósito 22.01.2010 LF1   337.7293 I73i 14813-10 25.06.2020   25.06.2020 Libro y Folleto Colección Patrimonio Dominicano
      Excluido de préstamo Patrimonio Dominicano Patrimonio Dominicano Patrimonio Dominicano Depósito 22.01.2010 LF1   337.7293 I73i 14813-20 25.06.2020 e. 2 25.06.2020 Libro y Folleto Colección Patrimonio Dominicano

Powered by Koha